Central Library and Information Centre
Sibsagar Girls' College, Sivasagar : Assam

LIFE OF INVERTEBRATES (Record no. 9253)

MARC details
000 -LEADER
fixed length control field 00414cam a2200181ua 4500
008 - FIXED-LENGTH DATA ELEMENTS--GENERAL INFORMATION
fixed length control field 160227n II |||gr||||Z||||||eng
040 ## - CATALOGING SOURCE
Original cataloging agency MAIN
041 ## - LANGUAGE CODE
-- English
082 ## - DEWEY DECIMAL CLASSIFICATION NUMBER
Classification number 592 PRA
100 ## - MAIN ENTRY--PERSONAL NAME
Personal name PRASAD , S.N .
245 ## - TITLE STATEMENT
Title LIFE OF INVERTEBRATES
260 ## - PUBLICATION, DISTRIBUTION, ETC.
Place of publication, distribution, etc. [s.l:
Name of publisher, distributor, etc. s.n.]
Date of publication, distribution, etc. 1990.
300 ## - PHYSICAL DESCRIPTION
Extent 968:
Dimensions 24CM.
700 ## - ADDED ENTRY--PERSONAL NAME
Personal name PRASAD , S.N .,
Relator term Author.
942 ## - ADDED ENTRY ELEMENTS (KOHA)
Koha item type Books
653 ## - INDEX TERM--UNCONTROLLED
Uncontrolled term Invertebrates
Holdings
Withdrawn status Lost status Damaged status Not for loan Collection code Home library Current library Shelving location Date acquired Full call number Barcode Date last seen Copy number Price effective from Koha item type Public note
        REFZOO Central Library and Information Centre Sibsagar Girls College Central Library and Information Centre Sibsagar Girls College ZOOLOGY BOOK RACK 04.02.1984 592 PRA 08549 27.02.2020 1 27.02.2020 Books V


Sibsagar Girl's College © 2020. All rights reserved.
Powered by Koha.
Maintained by Abhijit Borpuzari.